| 000 | 00870cab a22001935a 4500 | ||
|---|---|---|---|
| 001 | L145636 | ||
| 008 | 081028e20081024xxkaod f s 000 0 eng d | ||
| 035 | _a(Sirsi) u145636 | ||
| 041 | 0 | _aeng | |
| 100 | 1 | _aShah, Aditi | |
| 245 | 0 | 0 |
_aRegional report _bThames Valley |
| 260 | _c2008 | ||
| 490 |
_aProperty Week _v73(43) 24 October 2008, 89-100(8) |
||
| 520 | _aReports on the news and deals from the region. Reports on changes in the political landscape in Reading and the implications for the property sector. Suggests that the withdrawal of Berkeley Homes from a £400m regeneration project may affect other schemes in Slough. Considers how an offer of surplus office space at a discount will affect rents on nearby properties. | ||
| 590 | _aKA | ||
| 651 | 4 | _aThames Valley | |
| 690 | _aPROPERTY-COMMERCIAL PROPERTY-COMMERCIAL PROPERTY DEVELOPMENT | ||
| 942 | _n0 | ||
| 999 |
_c80911 _d80911 |
||